Nenekku bercerita

Bibliographic Details
Main Author: Amril Shah
Format: Book
Published: Selangor : Pustaka Tintamas , 2006
Series:Mari gembira berpuisi
Subjects:

MARC

LEADER 00000cam a2200000 7i4500
001 0000006874
005 20151222.0
008 070822
020 |a 983135155X(set) 
020 |a 9831351592 
090 0 0 |a JF   |b NS MAL (7580) 
100 0 |a Amril Shah 
245 1 0 |a Nenekku bercerita   |c Amril Shah 
260 |a Selangor :   |b Pustaka Tintamas ,   |c 2006 
440 0 |a Mari gembira berpuisi 
500 |a Children ages 7-9 years old (orange) 
650 0 |a Children's poetry, Malay   |x Juvenile literature 
999 |a 0000917094   |b Book   |c Children Collection   |e Cawangan Bukit Gambir 
999 |a 0000917095   |b Book   |c Children Collection   |e Cawangan Bukit Gambir 
999 |a 0000917096   |b Book   |c Children Collection   |e Cawangan Bukit Gambir 
999 |a 0000927642   |b Book   |c Children Collection   |e Cawangan Tangkak 
999 |a 0000927643   |b Book   |c Children Collection   |e Cawangan Tangkak 
999 |a 0000927644   |b Book   |c Children Collection   |e Cawangan Tangkak 
999 |a 0000945660   |b Book   |c Children Collection   |e Cawangan Taman Sri Lambak 
999 |a 0000945661   |b Book   |c Children Collection   |e Cawangan Taman Sri Lambak 
999 |a 0000945662   |b Book   |c Children Collection   |e Cawangan Taman Sri Lambak 
999 |a 0000987222   |b Book   |c Children Collection   |e Perbadanan Perpustakaan Awam Johor 
999 |a 0000987223   |b Book   |c Children Collection   |e Perbadanan Perpustakaan Awam Johor 
999 |a 0000987224   |b Book   |c Children Collection   |e Perbadanan Perpustakaan Awam Johor 
999 |a 0000987225   |b Book   |c Children Collection   |e Cawangan Tmn. Ungku Tun Aminah 
999 |a 0000987226   |b Book   |c Children Collection   |e Cawangan Bandar Tenggara 
999 |a 0001148390   |b Book   |c Children Collection   |e Cawangan Bandar Penawar 
999 |a 0001148391   |b Book   |c Children Collection   |e Cawangan Tmn. Ungku Tun Aminah 
999 |a 0001148392   |b Book   |c Children Collection   |e Cawangan Taman Universiti 
999 |a 0001148393   |b Book   |c Children Collection   |e Cawangan Segamat